000 00962nam a2200301 i 4500
001 000039504
003 DO-SdBNP
005 20250402135625.0
007 ta
008 130704s1850 ht 000 p spa d
040 _aDO-SdBNP
_bspa
_cBNPHU
_erda
041 _hspa
082 _a972.9304
_bL817d
_222
100 1 _aLockward, Alfonso
_d1937-2001
_eautor
_965687
245 1 0 _aLa doctrina Monroe y Santo Domingo 1823-1868 :
_bdocumentos para la historia de las relaciones dominico-américana
264 _aSanto Domingo :
_bTaller,
_c1994
300 _avolumen. ;
_c22 cm.
500 _aIncluye bibliografía e índice
590 _aInventariado,2025/DG
600 _965688
650 4 _aRepública Dominicana
_xHistoria
_9416
650 4 _aRepública Dominicana
_xRelaciones exteriores
_910272
650 4 _aEstados Unidos
_xRelaciones exteriores
_950018
650 4 _aDoctrina de Monroe
_949882
651 _965689
910 _aDG
942 _2ddc
_cLBS1
999 _c58571
_d58571